Unit process in organic synthesis (Record no. 28095)

MARC details
000 -LEADER
fixed length control field 00294nam a2200121Ia 4500
082 ## - DEWEY DECIMAL CLASSIFICATION NUMBER
Item number GRO;1
245 #0 - TITLE STATEMENT
Title Unit process in organic synthesis
250 ## - EDITION STATEMENT
Edition statement Ed.5
260 ## - PUBLICATION, DISTRIBUTION, ETC. (IMPRINT)
Place of publication New York
Name of publisher McGraw Hill
Year of publication 1958
700 ## - ADDED ENTRY--PERSONAL NAME
Personal name Groggins, P H
942 ## - ADDED ENTRY ELEMENTS (KOHA)
Koha item type Books
Holdings
Withdrawn status Lost status Damaged status Not for loan Home library Current library Date acquired Cost, normal purchase price Full call number Accession Number Koha item type
        RRII Library RRII Library 16/12/2021 9.95 GRO;1 08703 Books